000 01164nac a22003377a 4500
001 BR8807752
003 BR-BrBNA
005 20240105120907.0
008 230509b bl.|||m| |||| 00| 0 por d
040 _aBR-BrBNA
_bpor
_cBiblioteca Nacional de Agricultura
072 _aL01; E20; C30
090 _a5214 BR8807752
100 1 _aDuarte, L.P.
100 1 _aMattos, Z.P. de
100 1 _aNoronha, J.F. de
100 1 _aMattos, W.R.S.
110 1 _aEscola Superior de Agricultura Luiz de Queiroz, Piracicaba, SP (Brasil). Depto. de Economia e Sociologia Rural
245 1 _aOrcamento da atividade da pecuaria leiteira
246 1 _a[Budget of dairy cattle production activities]
260 3 _aPiracicaba, SP (Brasil):
_c1988.
300 _a58 p.
490 _aSerie Manual - Escola Superior de Agricultura Luiz de Queiroz. Depto. de Economia e Sociologia Rural (Brazil)
_vno. 13
_xISSN 0100-6320
500 _a10 tables
650 _aGADO LEITEIRO
650 _aPRODUCAO ANIMAL
650 _aORCAMENTO
650 _aPROGRAMA DE COMPUTADOR
650 _aSAO PAULO
909 _a202312
_bLúcia Elande
_c55
_dLúcia Elande
942 _2AGRIS
_n0
_cMS
999 _c282040
_d282040